History Quiz

Random History or Famous Quiz

When? What? Where? (VI) Quiz Stats

 Plays Quiz not verified by Sporcle

Score 0/15 Timer 06:00
0 Plays Today
% Correct
1337
73.5%
802
67.3%
2005
59.2%
1623
51%
1519
46.9%
1171
40.8%
1755
36.7%
1918
34.7%
% Correct
1293
32.7%
1829
26.5%
919
22.4%
606
16.3%
710
16.3%
1044
16.3%
1447
16.3%

You're not logged in!

Compare scores with friends on all Sporcle quizzes.
OR
Log In

Sporcle TV

Today on Sporcle TV


Watch our educational content, quiz creation guides, and fun videos on Sporcle TV.

Show Comments

Extras

Top Quizzes Today


Score Distribution

Your Account Isn't Verified!

In order to create a playlist on Sporcle, you need to verify the email address you used during registration. Go to your Sporcle Settings to finish the process.

Report this User

Report this user for behavior that violates our Community Guidelines.

Details: